Mateo Alemán y la novela picaresca alemana (Record no. 187921)
[ view plain ]
| 000 -LEADER | |
|---|---|
| campo de control de longitud fija | 01044nam a2200217 i 4500 |
| 001 - NÚMERO DE CONTROL | |
| campo de control | 187921 |
| 003 - IDENTIFICADOR DE NÚMERO DE CONTROL | |
| campo de control | ES-MaACL |
| 005 - FECHA Y HORA DE LA ÚLTIMA TRANSACCIÓN | |
| campo de control | 20250920063118.0 |
| 008 - DATOS DE LONGITUD FIJA--INFORMACIÓN GENERAL | |
| campo de control de longitud fija | 180326s1928 sp |||| | spa d |
| 100 1# - ENTRADA PRINCIPAL--NOMBRE DE PERSONA | |
| Nombre de persona | García Blanco, Manuel, |
| Fechas asociadas al nombre | 1902-1966 |
| 9 (RLIN) | 54272 |
| 245 10 - MENCIÓN DEL TÍTULO | |
| Título | Mateo Alemán y la novela picaresca alemana |
| Resto del título | : conferencia dada el 30 de noviembre de 1927 / |
| Mención de responsabilidad, etc. | por Manuel García Blanco. |
| 260 ## - PUBLICACIÓN, DISTRIBUCIÓN, ETC. | |
| Lugar de publicación, distribución, etc. | Madrid : |
| Nombre del editor, distribuidor, etc. | [s.n.], |
| Fecha de publicación, distribución, etc. | 1928 ( |
| Fabricante | Blass tipogragía) |
| 300 ## - DESCRIPCIÓN FÍSICA | |
| Extensión | 32 p. ; |
| Dimensiones | 23 cm. |
| 490 1# - MENCIÓN DE SERIE | |
| Mención de serie | Conferencias dadas en el Centro de intercambio intelectual germano-español ; |
| Designación de volumen o secuencia | 18 |
| 600 14 - PUNTO DE ACCESO ADICIONAL DE MATERIA--NOMBRE DE PERSONA | |
| Nombre de persona | Alemán, Mateo- |
| Subdivisión general | Crítica e interpretación. |
| 9 (RLIN) | 140675 |
| 650 #4 - PUNTO DE ACCESO ADICIONAL DE MATERIA--TÉRMINO DE MATERIA | |
| Término de materia o nombre geográfico como elemento de entrada | Novela picaresca española- |
| Subdivisión general | Historia y crítica. |
| 9 (RLIN) | 161138 |
| 650 #4 - PUNTO DE ACCESO ADICIONAL DE MATERIA--TÉRMINO DE MATERIA | |
| Término de materia o nombre geográfico como elemento de entrada | Novela picaresca alemana- |
| Subdivisión general | Historia y crítica. |
| 9 (RLIN) | 164448 |
| 830 00 - PUNTO DE ACCESO ADICIONAL DE SERIE-TÍTULO UNIFORME | |
| Título uniforme | Conferencias dadas en el Centro de Intercambio Intelectual Germano-Español |
| Designación de volumen o secuencia | 18 |
| 9 (RLIN) | 192904 |
| 852 ## - LOCALIZACIÓN | |
| Ubicación | ES-MaACL |
| Número de control de estantería | C-8111(14) |
| Nota libre | .- Donat. del Centro de Intercambio Intelectual Germano-Español (Madrid) |
| Estatus retirado | Estado de pérdida | Estado de daño | No para préstamo | Biblioteca de origen | Biblioteca actual | Ubicación en estantería | Fecha de adquisición | Fuente de adquisición | Total de préstamos | Signatura topográfica completa | Código de barras | Visto por última vez | Precio de reemplazo | Tipo de ítem Koha |
|---|---|---|---|---|---|---|---|---|---|---|---|---|---|---|
| Biblioteca del Ateneo de Madrid | Biblioteca del Ateneo de Madrid | Sala Palomar | 26/03/2018 | C-8111(14) | 1198573 | 23/02/2023 | 23/02/2023 | Libro impreso |
